[Event "Challenge"]
[Site "http://www.queenalice.com/game.php?id=1269040"]
[Date "2014.3.29"]
[Round "-"]
[White "sunking1"]
[Black "thiagobh"]
[Result "0-1"]
[WhiteElo "1451"]
[BlackElo "1533"]

1. d4 c6 2. e4 d5 3. e5 Na6 4. Bxa6 Qa5+ 5. Bd2 Qxa6 6. Nc3 e6 7. Nf3 Ne7 8. Ng5
Nf5 9. h4 Be7 10. b3 Nxd4 11. Be3 Nf5 12. Na4 Nxe3 13. fxe3 Bd7 14. Nc5 Bxc5 15.
Rf1 O-O 16. Qe2 Qxe2+ 17. Kxe2 b6 18. a3 Bc8 19. b4 Be7 20. c3 Bxg5 21. hxg5
Ba6+ 22. Kf3 Bxf1 23. Rxf1 a5 24. g4 axb4 25. cxb4 Rxa3 26. Rb1 Rfa8 27. Rc1 Rc8
28. b5 c5 29. Kf4 c4 30. e4 d4 31. Rd1 d3 32. Rd2 Rd8 33. Kg3 c3 34. Rd1 c2 35.
Rc1 d2+ 36. Kh4 d1=Q 37. Rxc2 Qxc2 0-1

[Event "AUTO-INT-2805"]
[Site "http://www.queenalice.com/game.php?id=1270652"]
[Date "2014.4.5"]
[Round "2"]
[White "Feanzeli"]
[Black "thiagobh"]
[Result "1-0"]
[WhiteElo "1939"]
[BlackElo "1587"]

1. e4 c6 2. c4 d5 3. cxd5 cxd5 4. exd5 Qxd5 5. Nc3 Qd8 6. d4 e6 7. Nf3 Ne7 8.
Bb5+ Bd7 9. Bxd7+ Qxd7 10. O-O Nbc6 11. Be3 Nf5 12. Qb3 Bd6 13. d5 Nxe3 14. dxc6
Qxc6 15. fxe3 O-O 16. Rac1 Qd7 17. Rcd1 Qc7 18. Nb5 Bxh2+ 19. Nxh2 Qe5 20. Rd2
a6 21. Nd4 Rab8 22. Nhf3 Qf6 23. Rc2 Qe7 24. Qb6 Rbc8 25. Rxc8 Rxc8 26. Ne5 Qg5
27. Nxf7 Qxe3+ 28. Kh2 Rf8 29. Rf3 Qe4 30. Ng5 Qh4+ 31. Nh3 Rd8 32. Nxe6 Re8 33.
Qc5 Qe7 34. Qxe7 1-0

[Event "AUTO-INT-2805"]
[Site "http://www.queenalice.com/game.php?id=1270653"]
[Date "2014.4.5"]
[Round "2"]
[White "thiagobh"]
[Black "Feanzeli"]
[Result "0-1"]
[WhiteElo "1585"]
[BlackElo "1941"]

1. Nf3 Nc6 2. g3 Nf6 3. Bg2 d6 4. O-O e5 5. d3 Bg4 6. Nbd2 Be7 7. b3 O-O 8. Bb2
Qd7 9. Re1 h6 10. e4 Be6 11. a3 Rae8 12. b4 a6 13. Bc3 b5 14. a4 Rb8 15. a5 Bg4
16. Qc1 Rfe8 17. Bb2 Nxb4 18. Bc3 Nc6 19. Nf1 b4 20. Bb2 Rb5 21. c3 b3 22. N1d2
Rxa5 23. Rxa5 Nxa5 24. Qa1 Qb5 25. c4 Qb6 26. h3 Bxf3 27. Nxf3 Nh5 28. Nd2 Nxg3
29. Nf3 Nh5 30. Qa4 Nf6 31. Rb1 Rb8 32. Nd2 Nc6 33. Ra1 Nd7 34. Ra3 Nc5 0-1

[Event "AUTO-INT-2805"]
[Site "http://www.queenalice.com/game.php?id=1270656"]
[Date "2014.4.5"]
[Round "2"]
[White "kadu10"]
[Black "thiagobh"]
[Result "1-0"]
[WhiteElo "1696"]
[BlackElo "1606"]

1. e4 c6 2. d4 d5 3. e5 Na6 4. Bxa6 Qa5+ 5. Nc3 Qxa6 6. Nf3 e6 7. Qe2 Qxe2+ 8.
Nxe2 Ne7 9. O-O h5 10. b3 Nf5 11. c3 Be7 12. Ng3 Nxg3 13. fxg3 g5 14. Bxg5 Bxg5
15. Nxg5 Rg8 16. Nxf7 Rf8 17. Nd6+ Ke7 18. Rxf8 Kxf8 19. Rf1+ Ke7 20. Rf7+ Kd8
21. Nxc8 b5 22. Nd6 1-0

[Event "AUTO-INT-2805"]
[Site "http://www.queenalice.com/game.php?id=1270657"]
[Date "2014.4.5"]
[Round "2"]
[White "thiagobh"]
[Black "kadu10"]
[Result "1-0"]
[WhiteElo "1599"]
[BlackElo "1693"]

1. Nf3 d5 2. g3 e6 3. Bg2 c5 4. O-O Be7 5. d3 Nf6 6. Nbd2 O-O 7. Re1 Nc6 8. b3
a5 9. Bb2 Rb8 10. e4 d4 11. a4 b6 12. Nc4 Ba6 13. Nce5 Qc7 14. Nxc6 Qxc6 15. Ne5
Qc7 16. Nf3 h6 17. Bc1 Nd7 18. Bf4 Bd6 19. Bxd6 Qxd6 20. Nd2 e5 21. Rf1 Bb7 22.
f4 exf4 23. Rxf4 Ne5 24. Qe2 Bc8 25. Rf2 f5 26. Raf1 Bb7 27. Rxf5 Rxf5 28. Rxf5
Rf8 29. Rxf8+ Qxf8 30. Nf3 Nxf3+ 31. Bxf3 Qf7 32. Bh5 Qe6 33. Bg4 Qc6 34. Qf3 b5
35. Qf4 bxa4 36. bxa4 g5 37. Qb8+ Kg7 38. Qe5+ Qf6 39. Qxc5 Qf7 40. Qxd4+ Kg8
41. Qd8+ Kg7 42. Qxa5 1-0

[Event "AUTO-INT-2805"]
[Site "http://www.queenalice.com/game.php?id=1270658"]
[Date "2014.4.5"]
[Round "2"]
[White "renet54"]
[Black "thiagobh"]
[Result "1-0"]
[WhiteElo "1698"]
[BlackElo "1541"]

1. e4 c6 2. d4 d5 3. e5 Na6 4. Nf3 c5 5. Nbd2 cxd4 6. Nxd4 Nc7 7. N2f3 e6 8. Bd3
Bc5 9. Be3 a6 10. Qd2 Bd7 11. O-O Ne7 12. Nb3 Bb6 13. Bxb6 Qc8 14. Bd4 Nc6 15.
Bc5 Qb8 16. Qg5 g6 17. Qf6 Qd8 18. Qxh8# 1-0

[Event "AUTO-INT-2805"]
[Site "http://www.queenalice.com/game.php?id=1270659"]
[Date "2014.4.5"]
[Round "2"]
[White "thiagobh"]
[Black "renet54"]
[Result "1-0"]
[WhiteElo "1583"]
[BlackElo "1768"]

1. Nf3 Nf6 2. g3 d5 3. Bg2 e6 4. O-O Nc6 5. d3 Bd6 6. Nbd2 O-O 7. Re1 Bd7 8. e4
d4 9. Nc4 Bb4 10. Bd2 Qe7 11. Bxb4 Nxb4 12. Nxd4 e5 13. Nf3 Bg4 14. a3 Nc6 15.
Ncd2 Nd4 16. Qc1 Rad8 17. Nxd4 Rxd4 18. Nb3 Rd6 19. Nc5 b6 20. Nb3 Rfd8 21. Nd2
c5 22. Nc4 Rd4 23. Ne3 Be6 24. Bf1 Qd7 25. Bg2 Bh3 26. Rf1 Be6 27. f4 exf4 28.
Rxf4 Nh5 29. Rf2 Bh3 30. Qd1 Bxg2 31. Kxg2 Qb7 32. Qxh5 f6 33. Qg4 c4 34. dxc4
Rxe4 35. Qf3 Rde8 36. Re1 Qf7 37. Rfe2 f5 38. Nd5 Rxe2+ 39. Rxe2 Rxe2+ 40. Qxe2
h6 41. Qf3 f4 42. Qxf4 Qb7 43. Qc7 Qxc7 44. Nxc7 Kf7 45. Kf3 Kf6 46. Ke4 g5 47.
Nb5 Ke6 48. Nxa7 h5 49. Nc8 g4 50. Nxb6 Kd6 51. Kf5 Kc5 52. Nd7+ Kxc4 53. a4 Kd4
54. a5 Ke3 55. a6 Kf2 56. a7 Kg2 57. a8=Q+ Kxh2 58. Qe4 Kxg3 59. Qf4+ Kh4 60.
Qg5+ Kg3 61. Qxh5 Kf3 62. Qxg4+ 1-0

[Event "Challenge"]
[Site "http://www.queenalice.com/game.php?id=1275405"]
[Date "2014.4.23"]
[Round "-"]
[White "sunking1"]
[Black "thiagobh"]
[Result "0-1"]
[WhiteElo "1450"]
[BlackElo "1663"]

1. b4 c6 2. c4 d5 3. c5 Bf5 4. d3 Na6 5. Nf3 e6 6. a3 Ne7 7. Nc3 Bg4 8. Ne5 Bf5
9. f3 f6 10. e4 Bg6 11. Ng4 h5 12. Ne3 d4 13. Na4 dxe3 14. Bxe3 e5 15. Rc1 Bf7
16. g3 Nc7 17. h4 Nb5 18. Bd2 Nxa3 19. d4 exd4 20. Bf4 b5 21. Ra1 Nc4 22. Bxc4
Bxc4 23. Nb2 Be6 24. Bd6 Ng6 25. Qxd4 Qd7 26. f4 Ne7 27. Ke2 Rd8 28. Rhd1 Bg4+
29. Ke3 Bxd1 30. Rxd1 Qh3 31. Rg1 Qh2 32. Qd2 Qxd2+ 33. Kxd2 Nc8 34. Ke3 Bxd6
35. cxd6 Nxd6 36. e5 Nf7 37. e6 Nd6 38. Nd3 Nc4+ 39. Ke4 Rd6 40. f5 O-O 41. Nc5
Re8 42. Nb7 Rd2 43. Re1 Rb8 44. Nc5 Nd6+ 45. Ke3 Rd5 46. Rf1 Nxf5+ 47. Ke4 Nxg3+
48. Kf3 Nxf1 49. Nd7 Re8 50. Nc5 Nd2+ 51. Ke2 Nc4 52. Kf3 Ne5+ 53. Ke4 Rd2 54.
Ke3 Rb2 55. Nd3 Nc4+ 56. Kd4 Rh2 57. Nf4 Rd2+ 58. Ke4 Rh2 59. Nxh5 Rxh4+ 60. Nf4
Rxe6+ 61. Kf3 Re3+ 62. Kf2 Rxf4+ 0-1

[Event "AUTO-INT-2855"]
[Site "http://www.queenalice.com/game.php?id=1282203"]
[Date "2014.5.16"]
[Round "1"]
[White "thiagobh"]
[Black "Rijo"]
[Result "0-1"]
[WhiteElo "1620"]
[BlackElo "1690"]

1. Nf3 d5 2. g3 d4 3. Bg2 Nc6 4. O-O Bg4 5. d3 Nf6 6. Nbd2 e5 7. Re1 Bxf3 8.
exf3 Qd7 9. f4 Bd6 10. Nf3 O-O-O 11. fxe5 Bxe5 12. Nxe5 Nxe5 13. Rxe5 Ng4 14.
Re1 Rhe8 15. Bd2 Qb5 16. Qxg4+ Kb8 17. b3 g6 18. a4 Qc5 19. Qf3 c6 20. Bf4+ Kc8
21. Bh3+ f5 22. Bg5 Rxe1+ 23. Rxe1 Rd7 0-1

[Event "AUTO-INT-2855"]
[Site "http://www.queenalice.com/game.php?id=1282204"]
[Date "2014.5.16"]
[Round "1"]
[White "Rijo"]
[Black "thiagobh"]
[Result "1-0"]
[WhiteElo "1676"]
[BlackElo "1634"]

1. e4 c6 2. e5 d6 3. exd6 Qxd6 4. d4 Bf5 5. Be3 e6 6. c4 Qb4+ 7. Qd2 Qxd2+ 8.
Nxd2 Bb4 9. O-O-O Ne7 10. c5 Nd5 11. Ngf3 Nd7 12. a3 Nxe3 13. axb4 Nxd1 14. Kxd1
O-O 15. Be2 a5 16. b5 cxb5 17. Bxb5 Nf6 18. h3 a4 19. c6 bxc6 20. Bxc6 Ra6 21.
Bb5 Ra5 22. Bc4 Rb8 23. Kc1 Rb4 24. g4 1-0

[Event "AUTO-INT-2855"]
[Site "http://www.queenalice.com/game.php?id=1282205"]
[Date "2014.5.16"]
[Round "1"]
[White "thiagobh"]
[Black "thw"]
[Result "0-1"]
[WhiteElo "1594"]
[BlackElo "1823"]

1. Nf3 d5 2. g3 Bf5 3. Bg2 Nc6 4. O-O e6 5. d3 Bd6 6. Nbd2 Nf6 7. b3 O-O 8. Re1
e5 9. Bb2 Re8 10. e4 dxe4 11. Nxe4 Bxe4 12. dxe4 Qe7 13. Nd2 Rad8 14. Qe2 a6 15.
Rad1 Bb4 16. Rf1 Nd4 17. Qc4 Bxd2 18. Rxd2 c5 19. Ba3 Nf3+ 20. Bxf3 Rxd2 21.
Bxc5 Qd7 22. Be3 Rc8 23. Qb4 Rdxc2 24. Rd1 Qh3 25. Bg2 Qg4 26. f3 Qe6 27. Qxb7
h6 28. Qxa6 Qxa6 0-1

[Event "AUTO-INT-2855"]
[Site "http://www.queenalice.com/game.php?id=1282206"]
[Date "2014.5.16"]
[Round "1"]
[White "thw"]
[Black "thiagobh"]
[Result "0-1"]
[WhiteElo "1862"]
[BlackElo "1618"]

1. e4 c6 2. d4 d5 3. Nc3 dxe4 4. Nxe4 Bf5 5. Ng3 Bg6 6. h4 h6 7. Nf3 e6 8. Bd3
Bxd3 9. Qxd3 Bd6 10. Ne4 Bf8 11. Bd2 Ne7 12. O-O-O Nf5 13. Be3 Na6 14. g4 Ne7
15. Nfd2 Nb4 16. Qb3 Ng6 17. f4 Qd7 18. a3 Nd5 19. Rdf1 Nxe3 20. Qxe3 O-O-O 21.
h5 Ne7 22. Nc5 Qc7 23. Qe5 Nd5 24. Qxc7+ Nxc7 25. c3 Bxc5 26. dxc5 Rd5 27. b4
Rhd8 28. Nc4 Nb5 29. Kc2 Rd3 30. Kb2 Rxc3 31. Ne5 Rxa3 32. Nxf7 Rd2+ 33. Kb1
Rb3+ 34. Kc1 Rd5 35. Re1 Nc7 36. Re4 Rbd3 37. Rhe1 Rg3 38. g5 hxg5 39. fxg5 Rf5
40. Nd6+ Kd8 41. Nxf5 Rxg5 42. Nd6 Rxh5 43. Nxb7+ Kc8 44. Nd6+ Kd8 45. Rf4 g5
46. Rg4 Kd7 47. Reg1 e5 48. Rxg5 Rh3 49. R1g3 Rh1+ 50. Kc2 Rh2+ 51. Kb3 Ke6 52.
Rg7 Nd5 53. Rxa7 Rh4 54. Rb7 e4 55. Rg6+ Ke5 56. Nc4+ Kd4 57. Na5 Rh3+ 58. Kb2
Rh2+ 59. Kc1 Rh1+ 60. Kd2 e3+ 61. Ke2 Nc3+ 62. Kf3 Rf1+ 63. Kg4 Rg1+ 64. Kf5
Rxg6 65. Kxg6 e2 66. Nb3+ Kc4 67. Na5+ Kd3 68. Re7 Ne4 0-1

[Event "AUTO-INT-2855"]
[Site "http://www.queenalice.com/game.php?id=1282207"]
[Date "2014.5.16"]
[Round "1"]
[White "thiagobh"]
[Black "NickThorp"]
[Result "1-0"]
[WhiteElo "1619"]
[BlackElo "1715"]

1. Nf3 d5 2. g3 Bg4 3. Bg2 Nc6 4. O-O Nf6 5. d3 e5 6. Nbd2 Bb4 7. Re1 Nd4 8. a3
Bxd2 9. Bxd2 Bxf3 10. exf3 h6 11. Rxe5+ Ne6 12. Bb4 c6 13. Bh3 Qc7 14. f4 c5 15.
Bxe6 cxb4 16. Bxd5+ Kf8 17. Bf3 Re8 18. Rxe8+ Nxe8 19. axb4 b6 20. Qe2 Nf6 21.
Re1 g6 22. Be4 Kg7 23. f5 Re8 24. Qd2 g5 25. Bg2 Rxe1+ 26. Qxe1 Qxc2 27. Qe7
Qxb2 28. Qxa7 Qxb4 29. Qa6 b5 30. Qb6 Qb1+ 31. Bf1 Qxd3 32. Bxd3 1-0

[Event "AUTO-INT-2855"]
[Site "http://www.queenalice.com/game.php?id=1282208"]
[Date "2014.5.16"]
[Round "1"]
[White "NickThorp"]
[Black "thiagobh"]
[Result "0-1"]
[WhiteElo "1724"]
[BlackElo "1644"]

1. e4 c6 2. d4 d5 3. e5 Na6 4. Bxa6 Qa5+ 5. Nc3 Qxa6 6. h3 e6 7. Nge2 Ne7 8. O-O
Nf5 9. Bf4 Be7 10. a3 g5 11. Bg3 h5 12. Qd2 h4 13. Bh2 Bd7 14. g4 hxg3 15. fxg3
Rxh3 16. Kg2 g4 17. Nf4 Rh6 18. b4 Bg5 19. Nce2 O-O-O 20. c3 Rdh8 21. Rh1 f6 22.
exf6 Rxf6 23. a4 Qb6 24. a5 Qc7 25. Raf1 e5 26. dxe5 Qxe5 27. Qd4 Qxd4 28. Nxd4
Nxd4 29. cxd4 Bf5 30. Bg1 Rxh1 31. Kxh1 Be4+ 32. Kh2 Rh6+ 33. Nh3 Rxh3# 0-1

[Event "AUTO-INT-2860"]
[Site "http://www.queenalice.com/game.php?id=1284614"]
[Date "2014.5.28"]
[Round "1"]
[White "obelisksoldier"]
[Black "thiagobh"]
[Result "1-0"]
[WhiteElo "1909"]
[BlackElo "1680"]

1. Nf3 c6 2. g3 d5 3. Bg2 Bg4 4. O-O e6 5. Ne5 Bh5 6. d4 Nd7 7. Nd3 Be7 8. Bf4
g5 9. Be3 f5 10. f4 g4 11. Nd2 Ngf6 12. c4 Bf7 13. cxd5 exd5 14. Ne5 Bg8 15. Qc2
h5 16. Ng6 Rh6 17. Nh4 Be6 18. Nxf5 Bxf5 19. Qxf5 Qc7 20. Qd3 O-O-O 21. f5 h4
22. Bxh6 hxg3 23. hxg3 Qxg3 24. Qxg3 1-0

[Event "AUTO-INT-2860"]
[Site "http://www.queenalice.com/game.php?id=1284615"]
[Date "2014.5.28"]
[Round "1"]
[White "thiagobh"]
[Black "obelisksoldier"]
[Result "0-1"]
[WhiteElo "1638"]
[BlackElo "1946"]

1. Nf3 g6 2. g3 Bg7 3. Bg2 Nf6 4. O-O d5 5. d3 O-O 6. Nbd2 c5 7. b3 Ne4 8. Rb1
Nc3 9. Qe1 Nxb1 10. Nxb1 Nc6 11. a3 h6 12. Be3 Nd4 13. Bxd4 cxd4 14. Qb4 Qc7 15.
Rc1 a5 16. Qd2 e6 17. e3 dxe3 18. fxe3 Bd7 19. a4 Bb2 20. Rd1 Rfc8 21. c4 Bg7
22. Na3 Qc5 23. Nc2 Qb6 24. Rb1 Bxa4 25. Na1 dxc4 26. dxc4 Rd8 27. Qe2 Bc6 28.
Nc2 a4 29. Qd3 Rxd3 0-1

[Event "AUTO-INT-2860"]
[Site "http://www.queenalice.com/game.php?id=1284628"]
[Date "2014.5.28"]
[Round "1"]
[White "papyrusmoon"]
[Black "thiagobh"]
[Result "0-1"]
[WhiteElo "1516"]
[BlackElo "1670"]

1. e4 c6 2. d4 d5 3. Nc3 dxe4 4. Nxe4 Bf5 5. Nc5 Qb6 6. Bc4 Qb4+ 7. c3 Qxc4 8.
Qf3 Bd7 9. Nxb7 e6 10. b3 Qb5 11. Nc5 Bxc5 12. dxc5 Qxc5 13. b4 Qb6 14. a4 Ne7
15. a5 Qb5 16. Ne2 Nf5 17. g4 Nh4 18. Qe4 O-O 19. Nf4 Na6 20. Nh5 Nc7 21. Qd4
Nf3+ 22. Kd1 Nxd4 23. Re1 Qd3+ 24. Bd2 Qc2# 0-1

[Event "AUTO-INT-2860"]
[Site "http://www.queenalice.com/game.php?id=1284629"]
[Date "2014.5.28"]
[Round "1"]
[White "thiagobh"]
[Black "papyrusmoon"]
[Result "0-1"]
[WhiteElo "1639"]
[BlackElo "1512"]

1. Nf3 d5 2. g3 Nc6 3. Bg2 e5 4. d3 Nf6 5. O-O Bc5 6. h3 O-O 7. Nbd2 e4 8. dxe4
dxe4 9. Nh2 Nd4 10. Nxe4 Bf5 11. Nxc5 Bxc2 12. Nxb7 Qd7 13. Nc5 Qf5 14. Qxd4
Rad8 15. Qb4 Nd5 16. Re1 Nxb4 17. a3 Nd5 0-1

[Event "AUTO-INT-2860"]
[Site "http://www.queenalice.com/game.php?id=1284638"]
[Date "2014.5.28"]
[Round "1"]
[White "thiagobh"]
[Black "rayan10"]
[Result "0-1"]
[WhiteElo "1585"]
[BlackElo "1511"]

1. Nf3 d6 2. g3 b6 3. Bg2 Bb7 4. O-O e5 5. d3 Nd7 6. Nbd2 Be7 7. e4 Ngf6 8. Nc4
Ba6 9. Ncd2 O-O 10. b3 b5 11. Bb2 h6 12. a4 c6 13. axb5 Bxb5 0-1

[Event "AUTO-INT-2860"]
[Site "http://www.queenalice.com/game.php?id=1284639"]
[Date "2014.5.28"]
[Round "1"]
[White "rayan10"]
[Black "thiagobh"]
[Result "1-0"]
[WhiteElo "1461"]
[BlackElo "1607"]

1. e4 c6 2. Nf3 d5 3. exd5 cxd5 4. d4 Bg4 5. Be2 e6 6. h3 Bxf3 7. Bxf3 Ne7 8.
O-O Nf5 9. Bf4 Be7 10. c3 a6 11. Nd2 Qb6 12. b3 O-O 13. Qc2 1-0